Statistics for Rugby Playing Countries

Click here to take the quiz!

General Stats

  • This quiz has been taken 1,667 times
    (1,651 since last reset)
  • The average score is 22 of 28

Answer Stats

HintAnswer% Correct
New Zealand
97%
Australia
96%
England
96%
France
96%
Ireland
96%
Italy
94%
Scotland
94%
Wales
93%
South Africa
92%
USA
90%
Argentina
88%
Fiji
88%
Canada
87%
Samoa
87%
Japan
85%
Tonga
85%
Russia
82%
Spain
82%
Portugal
72%
Germany
70%
Namibia
68%
Georgia
66%
Romania
65%
Brazil
55%
Belgium
42%
South Korea
36%
Ukraine
29%
Ivory Coast
27%

Score Distribution

Percentile by Number Answered

Percent of People with Each Score

Your Score History

You have not taken this quiz since the last reset